000 02398nam0a2200373 4500
001 RU\NLR\BIBL_A\012490188
005 20210524164326.0
010 _a978-5-604533-1-7
_d100
021 _aRU
_bКН-П-20-074666
_9КН-П-20-5622
035 _a(NLR Aleph) 012490188
035 _a(RuMoRGB)010492297
090 _a12175083
_c12175083
100 _a20210330d2020 u y0rusy50 ca
101 1 _arus
_cfre
102 _aRU
105 _aachzzzz000|y
181 0 _ai3
_baxxe
182 0 _an
200 1 _aПоездки в кавказские провинции. 1864-1865
_fВасилий Верещагин
_gсоставление, предисловие, перевод К. А. Мальбахова
_gМинистерство науки и высшего образования Российской Федерации, Федеральное государственное бюджетное образовательное учреждение высшего образования "Кабардино-Балкарский государственный университет им. Х. М. Бербекова"
203 _aТекст
_bвизуальный
_cнепосредственный
210 _aНальчик
_cКабардино-Балкарский государственный университет им. Х. М. Бербекова
_cРекламно-информационное агентство на Каминводах
_d2020
215 _a87, [1] с.
_cил., портр., цв. портр., карт., факс.
_d30
600 1 _aВерещагин
_bВ. В.
_f1842 - 1904
_gВасилий Васильевич
_xПамятные места
_yКавказ
_92473554
_3RU\NLR\AUTH\6601685850
606 1 _aБыт и нравы
_jВоспоминания, записки и т.п
_yКавказ
_z19 в.
_92473773
_3RU\NLR\AUTH\6601685949
606 1 _aНароды Кавказа
_xЭтнографические исследования
_92296358
_3RU\NLR\AUTH\661375036
686 1 _aТ3(24)5-75,013
686 1 _aЩ143(2Р=Рус)52-8Верещагин
686 1 _aТ52(24)
700 1 _7ca
_8rus
_aВерещагин
_bВ. В.
_cхудожник
_f1842-1904
_gВасилий Васильевич
_999648
_3RU\NLR\AUTH\77116723
942 _cBOOK
980 _aNBR
980 _aNB